000
00266nam a22001097a 4500
008
160624b xxu||||| |||| 00| 0 eng d
100
_9
874
_a
Page, C.G
245
_a
Maria's Search
260
_a
Chicago
_b
Moody Press
_c
1991
300
_a
Maria's Search
942
_2
ddc
_c
BK
999
_c
697
_d
697